[Event "Kostroma Volga Cup"]
[Site "Kostroma"]
[Date "2008.07.07"]
[Round "7"]
[White "Arslanov, Shamil"]
[Black "Shchur, Vladimir"]
[Result "1-0"]
[WhiteElo "2228"]
[BlackElo "2200"]
[PlyCount "63"]
[EventDate "2008.07.02"]
[EventType "tourn"]
[EventRounds "11"]
[EventCountry "RUS"]
[EventCategory "2"]
[SourceTitle "CBM 125 Extra"]
[Source "ChessBase"]
[SourceDate "2008.09.01"]
[SourceVersion "1"]
[SourceVersionDate "2008.09.01"]
[SourceQuality "1"]

1. c4 e6 2. Nc3 d5 3. d4 c6 4. e4 dxe4 5. Nxe4 Bb4+ 6. Nc3 c5 7. a3 Ba5 8. Be3 Nc6 9. d5 Nce7 10. Bxc5 Bxc3+ 11. bxc3 exd5 12. Qd4 Nf6 13. 0-0-0 b6 14. Bxe7 Qxe7 15. Kb2 dxc4 16. Bxc4 0-0 17. Nf3 Bg4 18. Rde1 Qc7 19. Ne5 Rad8 20. Qe3 Bh5 21. h3 Nd7 22. Nxd7 Rxd7 23. Bb3 Qd8 24. g4 Rd3 25. Qe5 Rd2+ 26. Kc1 Bg6 27. f4 Kh8 28. f5 f6 29. Qe7 Rd3 30. Qxd8 Rfxd8 31. fxg6 hxg6 32. Kb2 1-0

[Event "Kostroma Volga Cup"]
[Site "Kostroma"]
[Date "2008.07.02"]
[Round "1"]
[White "Shkuran, Danylo"]
[Black "Shchur, Vladimir"]
[Result "1/2-1/2"]
[WhiteElo "2432"]
[BlackElo "2200"]
[PlyCount "41"]
[EventDate "2008.07.02"]
[EventType "tourn"]
[EventRounds "11"]
[EventCountry "RUS"]
[EventCategory "2"]
[SourceTitle "CBM 125 Extra"]
[Source "ChessBase"]
[SourceDate "2008.09.01"]
[SourceVersion "1"]
[SourceVersionDate "2008.09.01"]
[SourceQuality "1"]

1. e4 e6 2. d4 d5 3. Nc3 Bb4 4. a3 Bxc3+ 5. bxc3 dxe4 6. Qg4 Nf6 7. Qxg7 Rg8 8. Qh6 Rg6 9. Qd2 b6 10. Ne2 Bb7 11. Nf4 Rg8 12. Bb2 Nbd7 13. 0-0-0 c5 14. Be2 Qc7 15. h3 0-0-0 16. Rhg1 Ne5 17. Kb1 Kb8 18. g3 cxd4 19. cxd4 Nc4 20. Qb4 Rc8 21. Qxc4 1/2-1/2

[Event "BLR-ch U20"]
[Site "Minsk"]
[Date "2008.04.18"]
[Round "5"]
[White "Podolchenko, Evgeniy"]
[Black "Shchur, Vladimir"]
[Result "0-1"]
[WhiteElo "2482"]
[BlackElo "2251"]
[PlyCount "68"]
[EventDate "2008.04.14"]
[EventType "tourn"]
[EventRounds "9"]
[EventCountry "BLR"]
[EventCategory "2"]
[SourceTitle "EXT 2010"]
[Source "ChessBase"]
[SourceDate "2010.11.25"]
[SourceVersion "1"]
[SourceVersionDate "2010.11.25"]
[SourceQuality "1"]

1. d4 d5 2. c4 c6 3. Nc3 Nf6 4. Nf3 e6 5. Bg5 h6 6. Bh4 dxc4 7. e4 g5 8. Bg3 b5 9. Be2 a6 10. Qc2 Bb7 11. Rd1 Nbd7 12. h4 g4 13. Ne5 h5 14. f3 gxf3 15. Bxf3 Qb6 16. 0-0 Nxe5 17. Bxe5 Be7 18. Kh1 0-0-0 19. d5 Ng4 20. Bxh8 Rxh8 21. dxe6 Qc7 22. Bxg4 hxg4 23. g3 Qxg3 24. Rf2 b4 25. Rh2 Rxh4 26. Rxh4 Qxh4+ 27. Qh2 Qxh2+ 28. Kxh2 bxc3 29. bxc3 fxe6 30. Rd4 c5 31. Rxc4 Bd6+ 32. Kg1 e5 33. Ra4 Kc7 34. Kf2 Kb6 0-1